| 000 | 00831nam a2200217Ia 4500 | ||
|---|---|---|---|
| 003 | GCL | ||
| 008 | 140319s9999 xx 000 0 ara d | ||
| 040 |
_aGCL / _cGCL |
||
| 082 | 0 | 4 |
_a953.0721 _bا ت |
| 100 | 1 | _aمحمد اليعلاوى (تحقيق) | |
| 245 | 1 | 0 |
_aتاريخ الخلفاء الفاطميين بالمغرب : _bالقسم الخاص من كتاب عيون الاخبار / _cمحمد اليعلاوى (تحقيق) |
| 700 | 1 | _aادريس عمادالدين، - 1488 م | |
| 260 |
_aبيروت : _bدار الغرب الاسلامى ، _c1985 |
||
| 300 |
_a817 ص ؛ _c24 سم |
||
| 490 | _a | ||
| 650 | 0 | 4 | _aالدولة الفاطمية |
| 650 | 0 | 4 | _aالمغرب |
| 650 | 0 | 4 | _aالتاريخ الاسلامى |
| 650 | 0 | 4 | _aالمغرب - تاريخ - العصر الاسلامى |
| 942 |
_2ddc _cBK |
||
| 999 |
_c56613 _d56613 |
||